| 000 | 01028nam a2200325 a 4500 | ||
|---|---|---|---|
| 001 | 1638247 | ||
| 003 | SISC | ||
| 005 | 20160401141551.0 | ||
| 008 | 961223s1997 maua 001 0 eng | ||
| 010 | _a 96076974 | ||
| 020 | _a0395786460 (student ed.) | ||
| 020 | _a0395841348 (instructor's annotated ed.) | ||
| 040 |
_aDLC _cDLC |
||
| 050 | 0 | 0 |
_aLB 2395.3 _b.W46 1997 |
| 082 | 0 | 0 |
_aHS 372.4 _bW63 1997 |
| 100 | 1 |
_aWiener, Harvey S. _9901 |
|
| 245 | 1 | 0 |
_aBasic reading skills handbook / _cHarvey S. Wiener, Charles Bazerman. |
| 250 | _a4th ed. | ||
| 260 |
_aBoston : _bHoughton Mifflin Co., _cc1997. |
||
| 300 |
_a490 p. : _bill. ; _c23 cm. |
||
| 500 | _aIncludes index. | ||
| 650 | 0 |
_aReading (Higher education) _912461 |
|
| 650 | 0 |
_aReading comprehension. _9234 |
|
| 650 | 0 |
_aVocabulary. _92460 |
|
| 700 | 1 |
_aBazerman, Charles. _912462 |
|
| 906 |
_a7 _bcbc _corignew _d2 _eopcn _f19 _gy-gencatlg |
||
| 942 |
_2lcc _cBK |
||
| 999 |
_c9107 _d9107 |
||